000 01471cam a22004694i 4500
003 PE-LiUPU
005 20250731173523.0
008 150616s r 000 0 d
020 _a0805411453
035 _a(Sirsi) i9780805411454
040 _aPE-LiUPU
_bspa
_cPE-LiUPU
_erda
049 _aPRUA
082 0 4 _a262.1
_bM58
_221
100 1 _aMiller, Calvin,
_eautor.
245 1 4 _aThe Empowered Leader.
264 1 _aTennessee :
_bBroadman & Holman Publishers,
_c1995.
300 _a227 páginas :
_bilustraciones ;
_c24 centímetros
336 _atext
_2rdacontent
337 _aunmediated
_2rdamedia
338 _avolume
_2rdacarrier
504 _aIncluye bibliografía.
505 0 _a10 keys to servant Leadership
526 _aSEG42
526 _aSEG41
526 _aSEG40
526 _aSEG39
526 _aP94
526 _aP87
526 _aP86
526 _aP85
526 _aP77
526 _aP76
526 _aP35
650 0 4 _aLIDERAZGO CRISTIANO.
910 _ajck
_bjvq
_cjck
942 _2ddc
_cBOOK
949 _a262.1 M58
_wDEWEY
_c1
_i42135
_lCCODEBUL1
_mBUL
_r0
_sY
_tBOOK
_u2015-6-16
_xTEOLOGIA
_zUNKNOWN
_0COMPRA
_o.STAFF. Colección General
994 _aC0
_bPEPRU
596 _a1
999 _a262.1 M58
_wDEWEY
_c59829
_i42135
_f2021-11-10
_g5
_lCCODEBUL1
_mBUL
_r0
_sY
_tBOOK
_u2015-6-16
_xTEOLOGIA
_zUNKNOWN
_0COMPRA
_o.STAFF. Colección General
_d59829
980 _81
_gALBERTO SANCHEZ Responsable de Automatización